000 01406nam0a22002771 4500
001 rc\3368772
005 20130115153142.0
021 _aRU
_b[70-89502]
035 _a(NLR Aleph) 007528929
090 _a7748890
_c7748890
100 _a20130115d1970 |||y0rusy50 ca
101 0 _arus
102 _aRU
105 _aa z |||||
200 1 _aИсследования в области компрессорных машин
_eТруды II Всесоюз. науч.-техн. конференции по компрессоростроению
_f[Ред. коллегия: К.П. Селезнев и др.]
_gВсесоюз. науч.-исслед. технол. ин-т хим., насоснокомпрессорного и арматурного машиностроения "ВНИИТехмаш"
210 _aКиев
_cБудiвельник
_d1970
215 _a323 с.
_cил.
_d22
320 _aБиблиогр. в конце докладов
606 _aКомпрессоры
_jСборники
_2psbo
702 1 _aСелезнев
_bК. П.
_gКонстантин Павлович
_4340
712 1 2 _aВсесоюзная научно-техническая конференция по компрессоростроению
_d2
_f1968
_eЛенинград
_3RU\NLR\AUTH\8810058498
801 0 _aRU
_bNLR
_gpsbo
801 1 _aRU
_bELAR
_2rusmarc
852 _aNLR
_j70-5/5319
942 _cBOOK
980 _aNB